00564cam a22001817a 4500003000500000005001700005008004100022010001000063011001000073035001000083040000900093100002800102245004200130260004000172300001900212502009800231650005300329CHAP20220329133741.0971013s1949 r 00010 d a10323 a11295 a10533 cCHAP00aAcosta Moctezuma, Juan.13aEl Distrito de Riego Alto Río Lerma aChapingo, Méx. :bEl autor,c1949 a93 h.b: ilus. aTesis (Ing. Agr. Esp. en Economía Agrícola) -- ENA. Departamento de Economía Agrícola14aDistrito de Riego Alto Río Lerma, Gto. y Mich.